000 01424nam a2200409 i 4500
001 193030
003 SpMaBN
005 20240707063033.0
007 ta
008 230723s2020 sp | |||| 000 f spa
015 _aMON20
017 _aM 17786-2020
_bOficina Depósito Legal Madrid
020 _a9788409203413
035 _a(OCoLC)1201090899
035 _aa6712029
040 _aSpMaBN
_bspa
_cSpMaBN
_erda
_dES-MaACL
044 _asp
_apl
080 _a821.134.2-31"19"
100 1 _aCordo, Eduardo
_eaut
_9233839
245 1 0 _aOsadía /
_cEduardo Cordo
264 1 _a[Lugar de publicación no identificado] :
_b[E. Cordo],
_c2020
264 3 _aWrocław :
_bAmazon Fulfillment Poland Sp. z o.o.,
_c[2020]
264 4 _c©2020
300 _a324 páginas ;
_c23 cm
336 _aTexto
_2rdacontent
337 _asin mediación
_2rdamedia
338 _avolumen
_2rdacarrier
500 _aCatalogación provisional. Signatura: N 8550. Depósito J.
655 7 _aNovelas policiacas
_2tgfbne
_9233840
852 _aES-MaACL
_bR 152974
_cDEPOJ
_jN 8550
_gFirmado y dedicado por el autor
_hDonación: Eduardo Cordo
_zEn proceso
_9200335
903 _aCordo, Eduardo
_ednr
942 _n0
_cMONOGRAFIA
999 _c193030
_d193030